Tài liệu tuyên truyền Bộ luật hình sự 1999
Gardado en:
| Formato: | Libro |
|---|---|
| Idioma: | Undetermined |
| Publicado: |
Tiền Giang
Hội Luật Gia VN tỉnh Tiền Giang
2000
|
| Những chủ đề: | |
| Các nhãn: |
Engadir etiqueta
Sen Etiquetas, Sexa o primeiro en etiquetar este rexistro!
|
| Thư viện lưu trữ: | Trung tâm Học liệu Trường Đại học Cần Thơ |
|---|
| LEADER | 00515nam a2200169Ia 4500 | ||
|---|---|---|---|
| 001 | CTU_36757 | ||
| 008 | 210402s9999 xx 000 0 und d | ||
| 020 | |c 15000 | ||
| 082 | |a 345 | ||
| 082 | |b T103 | ||
| 245 | 0 | |a Tài liệu tuyên truyền Bộ luật hình sự 1999 | |
| 260 | |a Tiền Giang | ||
| 260 | |b Hội Luật Gia VN tỉnh Tiền Giang | ||
| 260 | |c 2000 | ||
| 650 | |a Criminal law | ||
| 904 | |i Minh (Nguyên sửa) | ||
| 980 | |a Trung tâm Học liệu Trường Đại học Cần Thơ | ||